| 000 | 00460nam a2200169 a 4500 | ||
|---|---|---|---|
| 005 | 20221118063530.0 | ||
| 008 | 991125s1928 bar 000 0 spa u | ||
| 035 | _aUPN01000035141 | ||
| 049 | _aLT | ||
| 050 | 4 | _aLB1573 F7.4 | |
| 100 | 1 | _aF. T. D. | |
| 245 | 1 | 3 |
_aEl libro de España / _cpor F. T. D. |
| 260 |
_aBarcelona, Esp. : _bF. T. D., _c1928. |
||
| 300 |
_a324 p. : _bil. |
||
| 650 | 4 |
_aLectura _xEstudio y enseñanza (Elemental) _92805 |
|
| 905 | _aLibro | ||
| 999 |
_c35141 _d35141 |
||